Welcome to CU Library Online Public Access Catalogue (OPAC)

Gospel of life : (Record no. 7002)

MARC details
000 -LEADER
fixed length control field 00612pam a2200193 a 4500
001 - CONTROL NUMBER
control field 3433795
005 - DATE AND TIME OF LATEST TRANSACTION
control field 20250716155112.0
008 - FIXED-LENGTH DATA ELEMENTS--GENERAL INFORMATION
fixed length control field 910905s1991 mau b 001 0 eng
020 ## - INTERNATIONAL STANDARD BOOK NUMBER
International Standard Book Number 0943575761 (pbk.) :
Terms of availability $9.95
020 ## - INTERNATIONAL STANDARD BOOK NUMBER
International Standard Book Number 9780943575766
050 00 - LIBRARY OF CONGRESS CALL NUMBER
Classification number BS2615.2
Item number .B384 1991
082 00 - DEWEY DECIMAL CLASSIFICATION NUMBER
Classification number 226.5/06
Edition information 20
100 1# - MAIN ENTRY--PERSONAL NAME
Personal name Beasley-Murray, George Raymond,
Dates associated with a name 1916-
245 10 - TITLE STATEMENT
Title Gospel of life :
Remainder of title theology in the fourth Gospel /
Statement of responsibility, etc. G.R. Beasley-Murray.
260 ## - PUBLICATION, DISTRIBUTION, ETC.
Place of publication, distribution, etc. Peabody, Mass. :
Name of publisher, distributor, etc. Hendrickson Publishers,
Date of publication, distribution, etc. c1991.
300 ## - PHYSICAL DESCRIPTION
Extent xii, 131 p. ;
Dimensions 22 cm.
500 ## - GENERAL NOTE
General note Series statement from pref.
942 ## - ADDED ENTRY ELEMENTS (KOHA)
Source of classification or shelving scheme Library of Congress Classification
Koha item type Books
Suppress in OPAC No
999 ## -
-- 7002
-- 7002
Holdings
Withdrawn status Lost status Source of classification or shelving scheme Damaged status Not for loan Collection Home library Current library Shelving location Date acquired Total checkouts Full call number Barcode Date last seen Copy number Price effective from Koha item type
    Library of Congress Classification     Non-fiction Undergraduate Library (Christ Temple) Undergraduate Library (Christ Temple) General stacks 07/16/2025   BS 2615.2 BEA ulct00003896 07/16/2025 1 07/16/2025 Books
© 2023-2024 Copyright: Central University Libraries. All Rights Reserved | Created by: Mahone Tech Office